000 00372nam a2200121Ia 4500
008 180309s9999 xx 000 0 und d
020 _a9711010100
100 _aDayrit, Benjamin
245 _cCalderon, Jose
_aCollege algebra :
_bA modular approach
260 _aQuezon City :
_b1996
_cThe eye commercial press
300 _aiii, 179 pages
650 _aAlgebra & Trigonometry
999 _c356124
_d356124